Click the Disney Song Title Ending - Statistics

General Stats
  • This quiz has been taken 198 times
  • The average score is 22 of 24
Answer Stats
Hint Answer % Correct
Hakuna Matata
98%
When Will My Life Begin?
96%
You've Got A Friend In Me
96%
A Whole New World
96%
We Don't Talk About Bruno
95%
Zero to Hero
95%
Circle of Life
95%
Under the Sea
95%
Friends on the Other Side
95%
Mother Knows Best
94%
Let It Go
94%
Cruella De Vil
94%
I'll Make a Man Out of You
93%
Be Our Guest
92%
When You Wish Upon A Star
92%
You're Welcome
92%
The Bare Necessities
89%
Colors of the Wind
89%
Kiss the Girl
88%
Once Upon A Dream
86%
The Phony King of England
86%
Son of Man
81%
I've Got No Strings
81%
Everybody Wants to Be a Cat
72%
No matching quizzes found
Score Distribution
Percent of People with Each Score
Percentile by Number Answered
Your Score History
You have not taken this quiz